000
00252nam a22001217a 4500
040
_c
SY
082
_a
331
100
_a
NA
245
_a
របាយកាណ៍កម្មសិក្សា
260
_a
RUA
_b
NA
_c
1988
300
_a
45p.
942
_c
KB
999
_c
9969
_d
9969